000 00222 a2200097 4500
001 47198
100 _aTunstall, B
245 _aThe Realities of Naval History
260 _aLondon
_bGeorge Allen
_c
090 _c30253
_d30253
942 _aNUST-CAE
_cM
_c22507
999 _c282271
_d282271